Development of a book on kinderdance /

Bibliographic Details
Main Author: Harsell, Carol Kay
Format: Thesis Microform Book
Language:English
Published: [Place of publication not identified] : [publisher not identified] ; 1985.
Subjects:

MARC

Tag First Indicator Second Indicator Subfields
LEADER 00000cam a2200000 a 4500
001 in00000019317
005 20151007054232.0
007 he bmb|||||||
008 860430r19861985orua bb 00010 eng d
035 |a (OCoLC)13512435 
035 |9 AAB4412AM 
040 |a ORU  |c MIA  |d MIA  |d HPE  |d TXA  |d UtOrBLW 
049 |a TXAI 
099 |a fiche  |a C  |a 9417 
100 1 |a Harsell, Carol Kay. 
245 1 0 |a Development of a book on kinderdance /  |c by Carol Kay Harsell. 
264 1 |a [Place of publication not identified] :  |b [publisher not identified] ;  |c 1985. 
300 |a v, 92 leaves :  |b illustrations 
336 |a text  |b txt  |2 rdacontent 
337 |a microform  |b h  |2 rdamedia 
338 |a microfiche  |b he  |2 rdacarrier 
502 |b M.A.  |c Texas Woman's University  |d 1985. 
504 |a Bibliography: leaves 91-92. 
533 |a Microfiche.  |b Eugene :  |c Microform Publications, College of Human Development and Performance, University of Oregon,  |d 1986.  |e 1 microfiche : negative ; 11 x 15 cm. 
500 |a Microform. 
650 0 |a Dance  |x Study and teaching (Preschool) 
650 0 |a Physical education for children. 
650 0 |a Dance for children. 
999 |a MARS 
999 f f |s 48893b2a-a35e-3f92-9071-6b5d2c7c985e  |i 0c8b8088-5c32-3832-949e-71dd214d80bd  |t 0 
952 f f |p normal  |a Texas A&M University  |b College Station  |c Sterling C. Evans Library  |d Evans: Microforms (3rd floor)  |t 0  |e fiche C 9417  |h Other scheme  |i microform -- microfiche  |m A14823240634 
998 f f |a fiche C 9417  |t 0  |l Evans: Microforms (3rd floor)